Housing Forum review points the way forward (Record no. 76802)
[ view plain ]
| 000 -LEADER | |
|---|---|
| fixed length control field | 01051cab a2200181 4500 |
| 001 - CONTROL NUMBER | |
| control field | ##L133102 |
| 008 - FIXED-LENGTH DATA ELEMENTS--GENERAL INFORMATION | |
| fixed length control field | 060411n2006 000 0 eng u |
| 035 ## - SYSTEM CONTROL NUMBER | |
| System control number | (Sirsi) u133102 |
| 041 0# - LANGUAGE CODE | |
| Language code of text/sound track or separate title | eng |
| 100 1# - MAIN ENTRY--PERSONAL NAME | |
| Personal name | Callcutt, John |
| 245 00 - TITLE STATEMENT | |
| Title | Housing Forum review points the way forward |
| 260 ## - PUBLICATION, DISTRIBUTION, ETC. | |
| Date of publication, distribution, etc. | 2006 |
| 490 #0 - SERIES STATEMENT | |
| Series statement | Construction News |
| Volume/sequential designation | (6950) 30 March 2006, 28(1) |
| 520 ## - SUMMARY, ETC. | |
| Summary, etc. | Reports on the launch of a Housing Forum research project, "Delivering a customer driven strategy", which will seek to discover how the house building industry can deliver a product that purchasers want, in the volumes required, and to the necessary social, environmental and quality standards. A number of provisional categories have been adopted including incentivisation of stakeholders, integration of policies and processes, simplification and standardisation of systems and requirements, empowerment of local democracy, and the role of government. |
| 590 ## - LOCAL NOTE (RLIN) | |
| Local note | IKA110406 |
| 690 ## - LOCAL SUBJECT ADDED ENTRY--TOPICAL TERM (OCLC, RLIN) | |
| Topical term or geographic name as entry element | BUILT ENVIRONMENT-CONSTRUCTION MANAGEMENT-CONSTRUCTION PLANNING |
| 942 ## - ADDED ENTRY ELEMENTS (KOHA) | |
| Suppress in OPAC | 0 |
| Withdrawn status | Lost status | Source of classification or shelving scheme | Damaged status | Not for loan | Home library | Current library | Shelving location | Date acquired | Total Checkouts | Full call number | Barcode | Date last seen | Copy number | Price effective from | Koha item type |
|---|---|---|---|---|---|---|---|---|---|---|---|---|---|---|---|
| Dewey Decimal Classification | London | London | Journal article | 11/04/2006 | L133102 | 133102-1001 | 06/08/2019 | 1 | 06/08/2019 | Journal article |